| 000 | 00688nam a2200181 a 4500 | ||
|---|---|---|---|
| 005 | 20210223125115.0 | ||
| 008 | 030911s2000 mx r 000 0 spa d | ||
| 035 | _aUPN01000128768 | ||
| 049 | _aCG | ||
| 050 | 4 |
_aHA1 M6 _bR4.4 1958 |
|
| 111 | 2 | _aReunión Nacional de Estadística (4a. : 1958 : México) | |
| 245 | 0 | _aMemoria de la Cuarta Reunión Nacional de Estadística, 1958. | |
| 300 |
_a466 p. /5/ h. _epleg. : 14 p. il. |
||
| 500 | _aA la cabeza de la portada : Estados Unidos Mexicanos. Secretaría de Economía. Dirección General de Estadística. | ||
| 650 | 4 |
_aESTADISTICA - _vCONGRESOS _921668 |
|
| 710 | 2 | _aSociedad Mexicana de Geografía y Estadística | |
| 905 | _aLibro | ||
| 999 |
_c100945 _d100945 |
||